| 000 | 01044nam a2200337 a 4500 | ||
|---|---|---|---|
| 003 | AR-BaBNM | ||
| 005 | 20251128204116.0 | ||
| 008 | 082120s2002 ||||||||||||||000 | spa|| | ||
| 020 | _a950-25-2673-2 | ||
| 040 | _cAR-BaBNM | ||
| 100 | 1 | _aBarbieri, Vicente | |
| 245 | 0 | 0 | _aLa poesía del cuarenta |
| 260 |
_aBuenos Aires _bCentro Editor de América Latina _c1993 |
||
| 300 | _aviii, 146 p. | ||
| 490 | 0 | _aBiblioteca básica Argentina. Serie B | |
| 500 | _aNotas por las profesoras Claudia Baumhart,Bárbara Crespo de Arnaud y Telma Luzzani Bystrowicz | ||
| 600 | 1 | 4 | _aBenaros, León |
| 600 | 1 | 4 | _aCastiñeira de Dios, José María |
| 600 | 1 | 4 | _aGranata, María |
| 650 | 4 | _aLITERATURA ARGENTINA | |
| 650 | 4 | _aPOESIA | |
| 653 | _aNEORROMANTICISMO | ||
| 653 | _aSURREALISMO | ||
| 655 | _aLITERATURA | ||
| 700 | 1 | _aEtchebarne, Miguel D. | |
| 700 | 1 |
_aBaumhart, Claudia _ecompilador |
|
| 700 | 1 |
_aCrespo de Arnaud, Bárbara _ecompilador |
|
| 700 | 1 |
_aLuzzani Bystrowicz, Telma _ecompilador |
|
| 942 | _cBK | ||
| 998 | _cCarmen | ||
| 999 |
_c6204 _d6204 |
||